000 01033nam a2200241Ia 4500
001 247-ORS lu sa (13624)
003 IT-MiSPE
008 171229s9999||||xx |||||||||||||| ||und||
040 _aIT-MiSPE
_cIT-MiSPE
041 _aITALIANO
100 _aLuciano Orsini
245 0 _aLa sacrestia papale
_bSuppellettili e paramenti liturgici
250 _a1a ed. (v)
260 _aCinisello B.mo
_bSan Paolo
_c2000
300 _a239 p.
_c31 cm
490 _aGrandi libri fotografici
_v26
500 _aArredi sacri
501 _aEdizioni San Paolo srl - Piazza Soncino, 5 - 20092 CINISELLO BALSAMO (MI) (non commercial uses only) ® Copyright 2018
520 _aIll.
942 _cBK
957 _71
999 _a6552
_bNO
_g Copie: 1
_c342499
_d342499